LEADER 01558nam a2200409 i 4500 001 991000977809707536 005 20020507180946.0 008 000201s1996 de 000 0 eng c 020 $a3540533400 035 $ab10783933-39ule_inst 035 $aLE01305172$9ExL 040 $aDip.to Matematica$beng 082 0 $a515.353 084 $aAMS 53C05 084 $aAMS 58A10 084 $aAMS 58G10 084 $aAMS 58G11 084 $aLC QA377.B49 100 1 $aBerline, Nicole$059507 245 10$aHeat Kernels and Dirac operators /$cNicole Berline, Ezra Getzler, Michèle Vergne 260 $aBerlin :$bSpringer-Verlag,$c1996 300 $avii, 369 p. ;$c25 cm 490 0 $aGrundlehren der mathematischen Wissenschaften = A series of comprehensive studies in mathematics,$x0072-7830 ;$v298 500 $a"Second corrected printing": T. p. verso 500 $aIncludes bibliographical references and index 650 0$aDifferential forms 650 0$aDirac equation 650 0$aHeat equation 650 0$aIndex theorems 700 1 $aGetzler, Ezra$eauthor$4http://id.loc.gov/vocabulary/relators/aut$054771 700 1 $aVergne, Michèle$eauthor$4http://id.loc.gov/vocabulary/relators/aut$0344713 907 $a.b10783933$b23-02-17$c28-06-02 912 $a991000977809707536 945 $aLE013 58G BER21 (1996)$g1$i2013000119113$lle013$o-$pE0.00$q-$rl$s- $t0$u1$v0$w1$x0$y.i1088385x$z28-06-02 996 $aHeat kernels and Dirac operators$982765 997 $aUNISALENTO 998 $ale013$b01-01-00$cm$da $e-$feng$gde $h0$i1 LEADER 01270nam0 22002891i 450 001 UON00380129 005 20231205104523.208 010 $a88-14-10988-5 100 $a20100414d2004 |0itac50 ba 101 $aita 102 $aIT 105 $a|||| ||||| 200 1 $aTrasformazioni dell'amministrazione e nuova giurisdizione$eatti del convegno Bergamo, 15 novembre, 2002$fa cura di Massimo Andreis 210 $aMilano$cGiuffrè$d2004 215 $aVI, 246 p.$d 24 cm. 316 $aDono del prof. Masucci$5IT-UONSI VI DIRPUBC/1221 410 1$1001UON00172368$12001 $aUniversità degli Studi di Bergamo$eDipartimento di Scienze Giuridiche$1210 $aMilano$cGiuffrè 606 $aAmministrazione pubblica$xStudi$3UONC035195$2FI 620 $aIT$dMilano$3UONL000005 702 1$aAndreis$bMassimo$3UONV118352 712 $aGiuffrè$3UONV257275$4650 801 $aIT$bSOL$c20251114$gRICA 899 $aSIBA - SISTEMA BIBLIOTECARIO DI ATENEO$2UONSI 912 $aUON00380129 950 $aSIBA - SISTEMA BIBLIOTECARIO DI ATENEO$dSI PUB C 1221 $eSI SC 46230 5 1221 Dono del prof. Masucci$sBuono 996 $aTrasformazioni dell'amministrazione e nuova giurisdizione$9735902 997 $aUNIOR